[Event "Rewal op-A 15th"]
[Site "Rewal"]
[Date "2010.08.27"]
[Round "8"]
[White "Mrozewicz, Ryszard"]
[Black "Mucha, Marcin"]
[Result "1-0"]
[WhiteElo "1669"]
[BlackElo "2088"]
[PlyCount "74"]
[EventDate "2010.08.19"]
[EventType "swiss"]
[EventRounds "9"]
[EventCountry "POL"]
[SourceTitle "EXT 2013"]
[Source "ChessBase"]
[SourceDate "2012.11.22"]
[SourceVersion "1"]
[SourceVersionDate "2012.11.22"]
[SourceQuality "1"]

1. d4 Nf6 2. Nf3 e6 3. Bg5 c5 4. e3 Qb6 5. Qc1 Ne4 6. Bf4 Nc6 7. c3 d5 8. Nbd2 f5 9. Be2 Be7 10. h3 Bd7 11. Ne5 Rc8 12. Ndf3 Nxe5 13. Bxe5 0-0 14. 0-0 Bb5 15. Qc2 Bxe2 16. Qxe2 c4 17. Rfc1 a5 18. Rc2 Qd8 19. Rac1 b5 20. a3 Qb6 21. Nd2 Nf6 22. f4 b4 23. cxb4 axb4 24. axb4 Qxb4 25. g4 Nd7 26. Nf3 Ra8 27. gxf5 exf5 28. Qg2 Rf7 29. Ng5 Nxe5 30. Nxf7 Nxf7 31. Qxd5 Re8 32. Qxc4 Qxc4 33. Rxc4 Nd6 34. Rc7 Bh4 35. Rd7 Ne4 36. Rcc7 Nf6 37. Re7 Rd8 1-0

[Event "Rewal op-A 15th"]
[Site "Rewal"]
[Date "2010.08.24"]
[Round "5"]
[White "Mucha, Marcin"]
[Black "Latocha, Aleksander"]
[Result "0-1"]
[WhiteElo "2088"]
[BlackElo "1929"]
[PlyCount "66"]
[EventDate "2010.08.19"]
[EventType "swiss"]
[EventRounds "9"]
[EventCountry "POL"]
[SourceTitle "EXT 2013"]
[Source "ChessBase"]
[SourceDate "2012.11.22"]
[SourceVersion "1"]
[SourceVersionDate "2012.11.22"]
[SourceQuality "1"]

1. d4 d5 2. c4 e6 3. Nf3 c6 4. Nc3 dxc4 5. a4 Bb4 6. e3 b5 7. Bd2 a5 8. Ne5 Nf6 9. Qf3 Bxc3 10. bxc3 Qd5 11. Qg3 0-0 12. f3 Nbd7 13. e4 Qd6 14. Be2 Qc7 15. 0-0 Nxe5 16. dxe5 Nd7 17. f4 Nc5 18. Bf3 Nxa4 19. Rxa4 bxa4 20. Be2 Qb6+ 21. Be3 Qb2 22. Bh5 Qxc3 23. f5 exf5 24. exf5 Bxf5 25. Rxf5 Rad8 26. h3 Rd3 27. Rf3 a3 28. e6 a2 29. e7 a1Q+ 30. Kh2 Qe5 31. exf8Q+ Kxf8 32. Bc5+ Kg8 33. Bxf7+ Kh8 0-1

[Event "Rewal op-B 14th"]
[Site "Rewal"]
[Date "2009.08.29"]
[Round "9"]
[White "Mucha, Marcin"]
[Black "Koziej, Maciej"]
[Result "0-1"]
[WhiteElo "2091"]
[BlackElo "2075"]
[PlyCount "72"]
[EventDate "2009.08.20"]
[EventType "swiss"]
[EventRounds "9"]
[EventCountry "POL"]
[SourceTitle "EXT 2011"]
[Source "ChessBase"]
[SourceDate "2010.11.26"]
[SourceVersion "1"]
[SourceVersionDate "2010.11.26"]
[SourceQuality "1"]

1. d4 d5 2. c4 Nc6 3. Nf3 Bg4 4. Qa4 Bxf3 5. gxf3 e6 6. e3 a6 7. Nc3 Nf6 8. Bg2 Qd7 9. f4 0-0-0 10. c5 Na7 11. Qa5 Rg8 12. Bf1 Ne4 13. f3 Nxc3 14. bxc3 Qc6 15. h4 Kd7 16. Rb1 Be7 17. Bd3 f5 18. Bc2 Ra8 19. Rh2 Nb5 20. Bd3 b6 21. cxb6 cxb6 22. Bxb5 bxa5 23. Bxc6+ Kxc6 24. h5 Rab8 25. Rxb8 Rxb8 26. Kd1 Bd6 27. Rg2 Rb7 28. Kc2 Bf8 29. Rg5 Kb5 30. e4 Rf7 31. Kd3 a4 32. Rg2 a3 33. Rg1 Be7 34. exd5 exd5 35. Kc2 Kc4 36. Re1 Kb5 0-1

[Event "Rewal op-B 14th"]
[Site "Rewal"]
[Date "2009.08.25"]
[Round "5"]
[White "Mucha, Marcin"]
[Black "Szymanski, Grzegorz"]
[Result "1-0"]
[WhiteElo "2091"]
[BlackElo "1923"]
[PlyCount "101"]
[EventDate "2009.08.20"]
[EventType "swiss"]
[EventRounds "9"]
[EventCountry "POL"]
[SourceTitle "EXT 2011"]
[Source "ChessBase"]
[SourceDate "2010.11.26"]
[SourceVersion "1"]
[SourceVersionDate "2010.11.26"]
[SourceQuality "1"]

1. d4 e6 2. c4 e5 3. d5 Nf6 4. Nc3 d6 5. Nf3 Be7 6. e4 c5 7. Be2 0-0 8. h3 Nbd7 9. Be3 a6 10. a4 Ne8 11. g4 g6 12. Qd2 Ng7 13. Bh6 Nf6 14. Bd3 Bd7 15. Nh2 Nfe8 16. Nf1 Nc7 17. Ng3 b5 18. axb5 axb5 19. Rxa8 Qxa8 20. cxb5 Rb8 21. 0-0 Qa5 22. Rb1 Bxb5 23. b4 Qa7 24. bxc5 Bxd3 25. Rxb8+ Qxb8 26. Qxd3 Nce8 27. c6 f6 28. Be3 Qb2 29. Kg2 Qb4 30. Nge2 Nc7 31. Qb1 Qxb1 32. Nxb1 f5 33. f3 f4 34. Ba7 g5 35. Na3 Kf7 36. Nc3 Nge8 37. Ncb5 Bd8 38. Kf2 Kf6 39. Ke2 Ke7 40. Kd3 Kf6 41. Kc4 Ke7 42. Kb3 Kf6 43. Ka4 Ke7 44. Bb6 Na6 45. Bxd8+ Kxd8 46. Nc4 Ke7 47. Ka5 Nec7 48. Nxc7 Nxc7 49. Kb6 Ne8 50. Kb7 Kd8 51. Kb8 1-0

[Event "Rewal op-B 14th"]
[Site "Rewal"]
[Date "2009.08.22"]
[Round "3"]
[White "Mucha, Marcin"]
[Black "Starczewski, Sebastian"]
[Result "1/2-1/2"]
[WhiteElo "2091"]
[BlackElo "1934"]
[PlyCount "110"]
[EventDate "2009.08.20"]
[EventType "swiss"]
[EventRounds "9"]
[EventCountry "POL"]
[SourceTitle "EXT 2011"]
[Source "ChessBase"]
[SourceDate "2010.11.26"]
[SourceVersion "1"]
[SourceVersionDate "2010.11.26"]
[SourceQuality "1"]

1. d4 Nf6 2. c4 g6 3. Nc3 d5 4. cxd5 Nxd5 5. Na4 Bg7 6. e4 Nb6 7. Be3 0-0 8. Be2 Nxa4 9. Qxa4 c5 10. Nf3 Bd7 11. Qa3 cxd4 12. Bxd4 Bxd4 13. Nxd4 Bg4 14. Rd1 Bxe2 15. Nxe2 Qc7 16. Nc3 Nc6 17. 0-0 Rad8 18. Qc5 e6 19. h3 Qe5 20. Qe3 a6 21. f4 Qa5 22. f5 Rxd1 23. Rxd1 exf5 24. Rd5 f4 25. Qxf4 Qb6+ 26. Qf2 Qxf2+ 27. Kxf2 Rd8 28. Ke3 Kf8 29. Rxd8+ Nxd8 30. Kd4 Ne6+ 31. Ke5 Nc5 32. Kd6 Nd3 33. Kc7 Nxb2 34. Kxb7 a5 35. Ka6 a4 36. Kb5 a3 37. Nb1 Nd3 38. Ka4 Nf4 39. Kxa3 Nxg2 40. Kb4 g5 41. Kc5 Ke7 42. Kc6 Nf4 43. a4 h5 44. a5 Nd3 45. Nd2 g4 46. hxg4 hxg4 47. Kb5 Kd7 48. Kc4 Nf2 49. Kd4 g3 50. Ke3 Kc6 51. Kf3 Kb5 52. Kxg3 Nxe4+ 53. Nxe4 Kxa5 54. Kf4 f5 55. Nd6 Kb6 1/2-1/2

[Event "Polanica Zdroj op-B 43rd"]
[Site "Polanica Zdroj"]
[Date "2007.08.17"]
[Round "1"]
[White "Mucha, Marcin"]
[Black "Idczak, Rafal"]
[Result "1-0"]
[WhiteElo "2086"]
[BlackElo "1900"]
[PlyCount "67"]
[EventDate "2007.08.17"]
[EventType "swiss"]
[EventRounds "10"]
[EventCountry "POL"]
[SourceTitle "CBM 120 Extra"]
[Source "ChessBase"]
[SourceDate "2007.11.01"]
[SourceVersion "1"]
[SourceVersionDate "2007.11.01"]
[SourceQuality "1"]

1. d4 Nf6 2. c4 g6 3. Nc3 d5 4. cxd5 Nxd5 5. Na4 Bg7 6. e4 Nb6 7. Be3 0-0 8. Nf3 Bg4 9. Nc5 Qc8 10. Qc2 Bxf3 11. gxf3 N8d7 12. Rc1 c6 13. Bh3 e6 14. 0-0 Nxc5 15. Qxc5 Rd8 16. Rfd1 Qb8 17. b4 Qd6 18. Bf1 Rd7 19. b5 Rad8 20. bxc6 Qxc5 21. Rxc5 bxc6 22. e5 Rd5 23. Rdc1 Rxc5 24. Rxc5 Rd5 25. Rxc6 Ra5 26. Bc4 h5 27. Bb3 Nd5 28. Bd2 Rb5 29. Kf1 Bf8 30. Ke2 Kg7 31. Kd3 Nb4+ 32. Bxb4 Bxb4 33. Rc7 a5 34. Bxe6 1-0

[Event "Marianske Lazne op"]
[Site "Marianske Lazne"]
[Date "2006.01.25"]
[Round "6"]
[White "Cubas Pons, Juan Miguel"]
[Black "Mucha, Marcin"]
[Result "1/2-1/2"]
[WhiteElo "2233"]
[BlackElo "2043"]
[PlyCount "33"]
[EventDate "2006.01.21"]
[EventType "swiss"]
[EventRounds "9"]
[EventCountry "CZE"]
[SourceTitle "CBM 110 Extra"]
[Source "ChessBase"]
[SourceDate "2006.03.10"]
[SourceVersion "2"]
[SourceVersionDate "2006.03.10"]
[SourceQuality "1"]

1. e4 e6 2. d4 d5 3. Nc3 Nf6 4. e5 Nfd7 5. f4 c5 6. Nf3 Nc6 7. Be3 a6 8. Be2 cxd4 9. Nxd4 Bc5 10. Qd2 0-0 11. 0-0-0 Nxd4 12. Bxd4 Qc7 13. Rhe1 b5 14. Bf3 b4 15. Na4 Bxd4 16. Qxd4 a5 17. f5 1/2-1/2

[Event "POL-chT 2nd League"]
[Site "Wysowa"]
[Date "2005.08.29"]
[Round "3.34"]
[White "Mucha, Marcin"]
[Black "Ferenc, Jozef"]
[Result "0-1"]
[WhiteElo "2064"]
[BlackElo "2161"]
[PlyCount "41"]
[EventDate "2005.08.27"]
[EventType "team-swiss"]
[EventRounds "9"]
[EventCountry "POL"]
[SourceTitle "EXT 2019"]
[Source "ChessBase"]
[SourceDate "2018.10.10"]
[SourceVersion "1"]
[SourceVersionDate "2018.10.10"]
[SourceQuality "1"]
[WhiteTeam "Wroclaw AZS Politechnika"]
[BlackTeam "Koszalin Hetman Politechnika"]
[WhiteTeamCountry "POL"]
[BlackTeamCountry "POL"]

1. d4 Nf6 2. c4 d6 3. Nc3 g6 4. e4 Bg7 5. Be2 Na6 6. Nf3 c5 7. d5 Nc7 8. 0-0 0-0 9. Ne1 a6 10. a4 Rb8 11. f4 Bd7 12. e5 Nfe8 13. Nf3 Bg4 14. Ng5 Bd7 15. Bd3 b5 16. axb5 axb5 17. f5 bxc4 18. fxg6 fxg6 19. Rxf8+ Bxf8 20. Ne6 Bxe6 21. dxe6 0-1

[Event "Kochan Memorial op-B 16th"]
[Site "Koszalin"]
[Date "2005.08.??"]
[Round "6"]
[White "Lasut, Lukasz"]
[Black "Mucha, Marcin"]
[Result "1-0"]
[WhiteElo "1971"]
[BlackElo "2069"]
[PlyCount "123"]
[EventDate "2005.08.??"]
[EventType "swiss"]
[EventRounds "10"]
[EventCountry "POL"]
[SourceTitle "EXT 2006"]
[Source "ChessBase"]
[SourceDate "2005.11.24"]
[SourceVersion "1"]
[SourceVersionDate "2005.11.24"]
[SourceQuality "1"]

1. d4 e6 2. e4 d5 3. exd5 exd5 4. Bd3 Nc6 5. c3 Bd6 6. Qf3 Nf6 7. h3 Be6 8. Bg5 h6 9. Bxf6 Qxf6 10. Qxf6 gxf6 11. Nf3 Rg8 12. g3 f5 13. Nbd2 h5 14. 0-0-0 f4 15. gxf4 Bxf4 16. Nh4 Ne7 17. Kc2 Kd7 18. Ndf3 Ng6 19. Rde1 Nxh4 20. Nxh4 Rg5 21. Re2 Rag8 22. Nf3 Rg2 23. Nh4 Rg1 24. Rxg1 Rxg1 25. Bf5 Rh1 26. Bxe6+ fxe6 27. Ng6 Bd6 28. Re3 c5 29. Rf3 cxd4 30. cxd4 a6 31. Rb3 b5 32. a3 Rg1 33. Nh4 Bc7 34. Kd2 Bb6 35. Nf3 Rh1 36. Rd3 Kd6 37. Ne1 Bd8 38. Ke2 Bf6 39. b3 a5 40. a4 bxa4 41. bxa4 Bg7 42. Kd2 Bh6+ 43. Ke2 Bg7 44. Kd2 Kd7 45. Ke2 Bf8 46. Nf3 Ra1 47. Ne5+ Ke8 48. Rc3 Rxa4 49. Rc8+ Ke7 50. Ng6+ Kf7 51. Nxf8 Rxd4 52. Nd7 Rh4 53. Rc3 Ke7 54. Nc5 e5 55. Ra3 Kf6 56. Nb7 Re4+ 57. Kf3 Rh4 58. Kg3 Rb4 59. Nxa5 Kf5 60. Rf3+ Ke4 61. Re3+ Kf5 62. Rxe5+ 1-0

[Event "POL-chT U19 36th 1st League"]
[Site "Koszalin"]
[Date "2005.07.12"]
[Round "10"]
[White "Zakoscielna, Kinga"]
[Black "Mucha, Marcin"]
[Result "0-1"]
[WhiteElo "1906"]
[BlackElo "2069"]
[PlyCount "106"]
[EventDate "2005.07.05"]
[EventType "team-tourn"]
[EventRounds "11"]
[EventCountry "POL"]
[SourceTitle "CBM 107 Extra"]
[Source "ChessBase"]
[SourceDate "2005.09.01"]
[SourceVersion "1"]
[SourceVersionDate "2005.09.01"]
[SourceQuality "1"]
[WhiteTeam "Koszalin Hetman Politechnika U19"]
[BlackTeam "Plock PTSz U19"]
[WhiteTeamCountry "POL"]
[BlackTeamCountry "POL"]

1. c4 f5 2. Nc3 Nf6 3. d4 g6 4. Nf3 Bg7 5. Bf4 d6 6. g3 0-0 7. Bg2 Nh5 8. Qd2 Nd7 9. Bg5 Nb6 10. b3 a5 11. 0-0 a4 12. Rfe1 f4 13. Bxf4 Nxf4 14. gxf4 c6 15. e4 Bg4 16. Ne2 e6 17. Rad1 Bh6 18. Ng5 Qe7 19. Qe3 Nd7 20. b4 e5 21. dxe5 dxe5 22. Bh3 exf4 23. Qc3 Qxg5 24. Kh1 Bxh3 25. Qxh3 Ne5 26. Rg1 Qf6 27. Qxh6 Qg7 28. Qh3 Qf7 29. Rg5 Rae8 30. Rdg1 Qe6 31. Qh6 Qf7 32. Qh3 Qe6 33. Qh6 Qf7 34. Rf5 Qxc4 35. Qxf4 Rxf5 36. exf5 Qxe2 37. Rg3 Qd1+ 38. Kg2 Qd5+ 39. Kh3 Nd3 40. Qd2 Qxf5+ 41. Kg2 Ne1+ 42. Kf1 Nc2 43. Rd3 Re1+ 44. Kg2 Qe4+ 45. Kh3 Qf5+ 46. Kg2 Qg4+ 47. Rg3 Qe4+ 48. Kh3 Nd4 49. Rg4 Qf3+ 50. Rg3 Qf5+ 51. Kg2 Re4 52. Qd1 Rf4 53. Qe1 Qe4+ 0-1

[Event "POL-chT U19 36th 1st League"]
[Site "Koszalin"]
[Date "2005.07.09"]
[Round "6"]
[White "Ogonowska, Katarzyna"]
[Black "Mucha, Marcin"]
[Result "1/2-1/2"]
[WhiteElo "1853"]
[BlackElo "2069"]
[PlyCount "77"]
[EventDate "2005.07.05"]
[EventType "team-tourn"]
[EventRounds "11"]
[EventCountry "POL"]
[SourceTitle "CBM 107 Extra"]
[Source "ChessBase"]
[SourceDate "2005.09.01"]
[SourceVersion "1"]
[SourceVersionDate "2005.09.01"]
[SourceQuality "1"]
[WhiteTeam "Bogatynia UKS SP3 U19"]
[BlackTeam "Plock PTSz U19"]
[WhiteTeamCountry "POL"]
[BlackTeamCountry "POL"]

1. e4 c5 2. Nf3 Nc6 3. c3 Nf6 4. Bd3 e6 5. Bc2 d5 6. exd5 exd5 7. d4 Be6 8. 0-0 Bd6 9. Re1 0-0 10. Bg5 c4 11. Bh4 h6 12. Ne5 Be7 13. Bg3 Nd7 14. Nxd7 Qxd7 15. Bf4 Bf5 16. Bxf5 Qxf5 17. Bg3 Bg5 18. Nd2 Ne7 19. Nf3 Ng6 20. Ne5 Rae8 21. Nxg6 Qxg6 22. Qa4 Rxe1+ 23. Rxe1 Qb6 24. f4 Bf6 25. b3 cxb3 26. axb3 a6 27. f5 Kh7 28. h3 Rc8 29. Qd7 Rxc3 30. Qxf7 Bxd4+ 31. Kh1 Qf6 32. Qxd5 Re3 33. Rxe3 Bxe3 34. Qe5 Bd4 35. Qxf6 Bxf6 36. Be1 g6 37. fxg6+ Kxg6 38. g3 Kf5 39. Kg2 1/2-1/2

[Event "POL-chT U19 36th 1st League"]
[Site "Koszalin"]
[Date "2005.07.07"]
[Round "3"]
[White "Warakomska, Anna"]
[Black "Mucha, Marcin"]
[Result "1-0"]
[WhiteElo "1923"]
[BlackElo "2069"]
[PlyCount "63"]
[EventDate "2005.07.05"]
[EventType "team-tourn"]
[EventRounds "11"]
[EventCountry "POL"]
[SourceTitle "CBM 107 Extra"]
[Source "ChessBase"]
[SourceDate "2005.09.01"]
[SourceVersion "1"]
[SourceVersionDate "2005.09.01"]
[SourceQuality "1"]
[WhiteTeam "Suwalki Hancza U19"]
[BlackTeam "Plock PTSz U19"]
[WhiteTeamCountry "POL"]
[BlackTeamCountry "POL"]

1. e4 c5 2. Nc3 Nc6 3. Bb5 Nd4 4. Bc4 e6 5. Nf3 Nc6 6. 0-0 Nf6 7. d4 cxd4 8. Nxd4 Be7 9. Nxc6 bxc6 10. e5 Nd5 11. Qg4 Rg8 12. Bd3 g6 13. Nxd5 cxd5 14. Qf4 Bf8 15. Bd2 Bg7 16. Rae1 Bb7 17. Re3 f5 18. exf6 Qxf6 19. Qc7 Bc6 20. Rfe1 Rf8 21. f3 Qe7 22. Kh1 Kf7 23. a3 Rfc8 24. Qf4+ Qf6 25. Qd6 Bf8 26. Qg3 Bg7 27. c3 Ba4 28. Rxe6 Qd8 29. Bxg6+ hxg6 30. Qxg6+ Kf8 31. Bh6 Bxh6 32. Rf6+ 1-0

[Event "Wroclaw-ch"]
[Site "Wroclaw"]
[Date "2003.??.??"]
[Round "1"]
[White "Mucha, Marcin"]
[Black "Dobrowolski, Piotr"]
[Result "0-1"]
[WhiteElo "2035"]
[BlackElo "2395"]
[PlyCount "79"]
[EventDate "2003.??.??"]
[EventType "swiss"]
[EventRounds "9"]
[EventCountry "POL"]
[SourceTitle "EXT 2007"]
[Source "ChessBase"]
[SourceDate "2006.11.23"]
[SourceVersion "1"]
[SourceVersionDate "2006.11.23"]
[SourceQuality "1"]

1. d4 d5 2. c4 e6 3. Nc3 f5 4. Nf3 c6 5. Bf4 Ne7 6. Ne5 Nd7 7. e3 Nxe5 8. Bxe5 Ng6 9. Qh5 Qd7 10. Bd3 Qf7 11. Bg3 Be7 12. 0-0 0-0 13. Rab1 Bd7 14. b4 dxc4 15. Bxc4 b5 16. Bd3 Qf6 17. a4 a6 18. Rfd1 Be8 19. Qe2 e5 20. dxe5 Nxe5 21. Bxe5 Qxe5 22. Qc2 Rf6 23. Ne2 g6 24. Ra1 Rd8 25. axb5 cxb5 26. Nf4 Bf7 27. Be2 Rxd1+ 28. Rxd1 Bxb4 29. Qc8+ Kg7 30. h3 Rd6 31. Rxd6 Qxd6 32. g4 fxg4 33. Qxg4 Bc5 34. Nh5+ Kh8 35. Nf4 Qc7 36. h4 Bd6 37. Nd3 Bf8 38. e4 Qe7 39. e5 b4 40. Qxb4 0-1

[Event "Wroclaw-ch"]
[Site "Wroclaw"]
[Date "2003.??.??"]
[Round "4"]
[White "Mucha, Marcin"]
[Black "Matras Clement, Agnieszka"]
[Result "0-1"]
[WhiteElo "2035"]
[BlackElo "2225"]
[PlyCount "96"]
[EventDate "2003.??.??"]
[EventType "swiss"]
[EventRounds "9"]
[EventCountry "POL"]
[SourceTitle "EXT 2007"]
[Source "ChessBase"]
[SourceDate "2006.11.23"]
[SourceVersion "1"]
[SourceVersionDate "2006.11.23"]
[SourceQuality "1"]

1. d4 Nf6 2. c4 e6 3. Nc3 Bb4 4. e3 0-0 5. Nge2 d5 6. a3 Bxc3+ 7. Nxc3 Nbd7 8. cxd5 exd5 9. Bd3 Re8 10. 0-0 c6 11. f3 Nf8 12. Qc2 Ng6 13. Qf2 Be6 14. f4 Ng4 15. Qc2 Bd7 16. f5 Nf8 17. Qe2 Nf6 18. Bd2 h6 19. Rf4 N8h7 20. h4 Qc7 21. Raf1 b6 22. g4 c5 23. Qg2 Bc6 24. g5 hxg5 25. hxg5 Ne4 26. Nxe4 dxe4 27. Bc4 b5 28. g6 bxc4 29. gxh7+ Kh8 30. f6 g6 31. dxc5 Re5 32. Bc3 Rh5 33. Rg4 Rh6 34. Rg5 Kxh7 35. Re5 Re8 36. Qg5 Rh5 37. Qxh5+ gxh5 38. Rxh5+ Kg6 39. Rh3 Bd7 40. Rh2 Rg8 41. Rf4 Qc8 42. Be5 Bh3 43. Kf2 Kh5 44. c6 Rg5 45. Bd6 Kg6 46. c7 Qd7 47. Bb4 Qd1 48. Rxh3 Qg1+ 0-1

[Event "Wroclaw-ch"]
[Site "Wroclaw"]
[Date "2003.??.??"]
[Round "5"]
[White "Mucha, Marcin"]
[Black "Zak, Klaudia"]
[Result "1-0"]
[WhiteElo "2035"]
[BlackElo "1800"]
[PlyCount "51"]
[EventDate "2003.??.??"]
[EventType "swiss"]
[EventRounds "9"]
[EventCountry "POL"]
[SourceTitle "EXT 2007"]
[Source "ChessBase"]
[SourceDate "2006.11.23"]
[SourceVersion "1"]
[SourceVersionDate "2006.11.23"]
[SourceQuality "1"]

1. d4 Nf6 2. c4 e6 3. Nc3 d5 4. Bg5 Be7 5. e3 0-0 6. Rc1 dxc4 7. Bxc4 c6 8. Nf3 Nbd7 9. 0-0 Nb6 10. Bd3 Nbd5 11. Qe2 Nxc3 12. bxc3 Nd5 13. Bxe7 Qxe7 14. c4 Nb4 15. Bb1 f5 16. c5 Rb8 17. Ne5 Bd7 18. f4 Rf6 19. Rf3 Rh6 20. Qd2 Nd5 21. Qa5 a6 22. a3 b6 23. Qxa6 bxc5 24. Qa7 Rd8 25. Qxc5 Rb8 26. Qxe7 1-0